00616nam a2200205 4500010001300000020001000013035001300023037001800036040001200054082001600066100001700082245008400099250001100183260004100194270003700235300002500272650005000297650004800347700001500395 aA-290324 c35.00 aA-290324 bCen Lib / Ret aDPLbEN a658.54bGUP aGupta, P. K. aOperations research and statistical analysis /cby P. K. Gupta [and] Man Moahn  a3rd ed aNew DlehibSultan Chand & Sonsc1987 a23, DaryaganjbNew Delhie110002 axii, 479p b24cm(Hb) aMathematical statistics -- Computer programs. aMathematical statistics -- Data processing. aMan Moahn